00481 2200145 4500001002100000008004100021035002000062245009600082100003600178260006100214300001400275084001900289082001300308650001400321INLIS000000000000030 ind  a0010-0622000030 aPedoman Pelaksanaan Promosi Kesehatan di PuskesmascDepartemen Kesehatan Republik Indonesia aIndonesia, Departemen Kesehatan aJakarta :bPusat Promosi Kesehatan Indonesia Sehatc2008 ax, 49 hlm a362.1068 IND p a362.1068 aKesehatan